000 00444nam a2200169 a 4500
005 20140310183344.0
008 070130s19uu xx 00 eng d
020 _a0752594435
050 _aTX 763
_b.C771 2004
245 _aCook's Library baking /
260 _aBath BAI IHE, UK :
_bParragon Publishing,
_c2004.
300 _a176 p. :
_bcol. ill. ;
_c26 cm.
521 _aTOU
650 _aBaking.
942 _cBK
_2lcc
_kFOR
999 _c21892
_d21892